El Crecimiento desigual en Centroamérica: 1950-2000 /
Guardado en:
| Autores Corporativos: | , |
|---|---|
| Format: | Texto |
| Udgivet: |
Buenos Aires:
BID. INTAL
|
| Tags: |
Tilføj Tag
Ingen Tags, Vær først til at tagge denne postø!
|
MARC
| LEADER | 00000 a a2200000 04500 | ||
|---|---|---|---|
| 001 | 23438 | ||
| 003 | |||
| 040 | |||
| 090 | |a 162900 | ||
| 110 | |a BID | ||
| 245 | |a El Crecimiento desigual en Centroamérica: 1950-2000 / |c BID | ||
| 260 | |a Buenos Aires: |b BID. INTAL | ||
| 300 | |a 133 p. | ||
| 710 | |a INTAL | ||
| 999 | |c 12812 |d 12812 | ||
